000 00436nam a2200121 4500
008 010211u2001 mu eng
022 _a117520X
100 0 _aBishop Efraim M. Tendero
245 1 0 _aEvangelicals Today /
_cBishop Efraim M. Tendero
260 _aP.O.Box 1294-1152, 1100 Quezon City :
_bPhilippine Council of Evangelical Churches,
_c2001
440 0 _aEvangelicals Today
951 _pSRS000000000068
_j070613110955218
_d2000-12-21
999 _c3630
_d3630